000 00860nam a2200253 a 4500
001 71899
003 BD-RjUL
005 20211209082159.0
008 170509s1950 nyua|||| |||| 000 0 eng d
035 _a(BD-RjUL)72115
040 _aBD-RjUL
_beng
_cBD-RjUL
_dBD-RjUL
041 _aeng
082 _223
_a530.141
_bELE 1950
245 1 0 _aElectromagnetic theory /
_cAbraham Haskel Taub; Eric Reissner; Ruel Vance Churchill
260 _aNew York :
_bAmerican Mathematical Society,
_c1950
300 _a91 p. :
_bill. ;
_c35 cm.
490 _aProceedings of symposia in applied mathematics ;
_v2
650 _aElectromagnetic theory
_9117647
700 _aTaub,Abraham Haskel
_9212665
700 _aReissner, Eric
_9153587
700 _aChurchill, Ruel Vance
_9212666
830 _aProceedings of symposia in applied mathematics
_v2
_9208021
942 _2ddc
_cBK
999 _c71899
_d71899